000 00430nam a2200181Ia 4500
005 20250603145209.0
008 250603s9999 xx 000 0 und d
020 _a9789785273502
050 _aHM 258 .I34/
100 _aIhebuzor, Lambert A.
245 0 _aIntroduction to sociology of communication
260 _aIbadan
260 _bCollege Press
260 _c2014
300 _a108 p
650 _aIbadan
942 _cBK
999 _c41159
_d41159